000 01693nam0a2200385 4500
001 RU\NLR\BIBL_A\010586430
005 20250809113014.0
035 _a(NLR Aleph) 010586430
090 _a58224
_c58224
100 _a20150116d1941 u y0rusy50 ca
101 0 _arus
102 _aRU
105 _ay z 000zy
135 _acrbn 008apadp
200 1 _aПодступы к Ленинграду станут могилой фашистов
_fН. Воронов
210 _a[Ленинград]
_cОГИЗ Госполитиздат
_d1941
215 _a21, [3] с.
_d19
325 _aКопия доступна в Электрон. б-ке РНБ
607 _aЛенинград, город
_xОборона
_z1941 - 1944
_jПопулярные издания
_2nlr_sh2
_3RU\NLR\AUTH\661253337
686 1 _aЦ35(2)722.11(2Р-4Ле-2Ленинград)я9
686 1 _aТ3(2)722.721я9
700 1 _aВоронов
_bН. И.
_cочеркист
_gНиколай Иванович
_3RU\NLR\AUTH\770140360
852 _aNLR
_jИр50 Г-4/34
856 0 _uhttp://vivaldi.nlr.ru/ab000002425/view
856 1 _uhttp://vivaldi.nlr.ru/ab000002425/cover
856 2 _uhttp://vivaldi.nlr.ru/ab000002425/text
901 _eКнижные издания
942 _cBOOK
945 _aРоссийская национальная библиотека
980 _aNB
980 _aBV
981 3 7 _a(37) Ленинград в Великой Отечественной войне
_b(37) Книги блокадного Ленинграда
981 3 4 _a(34) Санкт-Петербург